| 000 | 00418nam a2200109Ia 4500 | ||
|---|---|---|---|
| 008 | 160909s9999 xx 000 0 und d | ||
| 100 | _aSwanson, Joshua L. | ||
| 245 | _aImplementing 1:1 technology in K-12 schools: The lived experience of superintendents | ||
| 260 |
_bSaint Mary's University of Minnesota. _c2016 |
||
| 650 | _aInformation Technology | ||
| 856 | _uhttp://pqdtopen.proquest.com/doc/1806943764.html?FMT=ABS | ||
| 999 |
_c303771 _d303771 |
||